LEADER 01147cam0-2200373---450- 001 990004259660403321 005 20161006160641.0 010 $a84-7502-441-6 035 $a000425966 035 $aFED01000425966 035 $a(Aleph)000425966FED01 035 $a000425966 100 $a19990604d1995----km-y0itay50------ba 101 0 $acat 102 $aES 105 $a--------001yy 200 1 $aDe l'Humanisme i del Renaixement$fMiquel Battlori$gedició a cura d'Euląlia i Josep Solervicens$gprņleg d'Euląlia Duran 210 $aValencia$cCliment$d1995 215 $aXI, 445 p.$d24 cm 225 1 $aObra completa$v5 225 1 $aBiblioteca d'estudis i investigacions$iTres i quatre$v22 610 0 $aUmanesimo$aSpagna 610 0 $aRinascimento$aSpagna 676 $a860.9$v22$zita 700 1$aBatllori,$bMiguel$f<1909-2003>$0168708 702 1$aDuran,$bEuląlia 702 1$aSolervicens,$bJosep 801 0$aIT$bUNINA$gRICA$2UNIMARC 901 $aBK 912 $a990004259660403321 952 $a860.9 BAT 1$bBibl.21307$fFLFBC 959 $aFLFBC 996 $aDe l'Humanisme i del Renaixement$9491374 997 $aUNINA LEADER 03552nam 2200529 450 001 9910466666803321 005 20200121083239.0 010 $a3-11-058287-2 010 $a3-11-058430-1 024 7 $a10.1515/9783110584301 035 $a(CKB)4100000007123538 035 $a(MiAaPQ)EBC5158953 035 $a(DE-B1597)490526 035 $a(OCoLC)1076423338 035 $a(DE-B1597)9783110584301 035 $a(Au-PeEL)EBL5158953 035 $a(OCoLC)1063791666 035 $a(EXLCZ)994100000007123538 100 $a20200121d2018 uy 0 101 0 $aeng 135 $aurcnu|||||||| 181 $2rdacontent 182 $2rdamedia 183 $2rdacarrier 200 10$aKant's deduction from apperception $ean essay on the transcendental deduction of the categories /$fDennis Schulting 205 $aSecond revised edition 210 1$aBerlin ;$aBoston, Massachusetts :$cDe Gruyter,$d[2018] 210 4$d©2018 215 $a1 online resource (372 pages) 225 1 $aKantstudien. Erga?nzungshefte ;$v203 311 $a3-11-058269-4 320 $aIncludes bibliographical references and index. 327 $tFrontmatter -- $tContents -- $tPreface to the New Edition -- $tPreface to the First Edition -- $tKey to Abbreviations of Cited Primary Works -- $t1. Introduction: The Categories and Apperception -- $t2. The 'Herz' Question -- $t3. The Quid Juris -- $t4. The Master Argument -- $t5. The Unity of Thought: On the Guiding Thread -- $t6. Apperception and the Categories of Modality -- $t7. Apperception and the Categories of Relation -- $t8. Apperception and the Categories of Quality -- $t9. Apperception and the Categories of Quantity -- $t10. From Apperception to Objectivity -- $t11. On the 'Second Step' of the B-Deduction -- $tBibliography of Secondary Literature -- $tIndex of Names -- $tIndex of Subjects 330 $aIn focusing on the systematic deduction of the categories from a principle, Schulting takes up anew the controversial project of the eminent German Kant scholar Klaus Reich, whose monograph "The Completeness of Kant's Table of Judgments" made the case that the logical functions of judgement can all be derived from the objective unity of apperception and can be shown to link up with one another systematically. Common opinion among Kantians today has it that Kant did not mean to derive the functions of judgement, and accordingly the categories, from the principle of apperception. Schulting challenges this standard view and aims to resuscitate the main motivation behind Reich's project. He argues, in agreement with Reich's main thesis about the derivability of the functions of judgement, that Kant indeed does mean to derive, in full a priori fashion, the categories from the principle of apperception. Schulting also shows that, given the general assumptions of the Critical philosophy, Kant's derivation is successful and that absent an account of the derivation of the categories from apperception, the B-Deduction cannot really be understood. New edition. First published 2012 as "Kant's Deduction and Apperception. Explaining the Categories" (Palgrave Macmillan) 410 0$aKantstudien.$pErga?nzungshefte ;$v203. 606 $aApperception 608 $aElectronic books. 615 0$aApperception. 676 $a153.73 700 $aSchulting$b Dennis$0986857 801 0$bMiAaPQ 801 1$bMiAaPQ 801 2$bMiAaPQ 906 $aBOOK 912 $a9910466666803321 996 $aKant's deduction from apperception$92454394 997 $aUNINA LEADER 03173nam 22005533 450 001 9910807790403321 005 20210901203446.0 010 $a0-87318-226-X 035 $a(CKB)4100000011798315 035 $a(MiAaPQ)EBC6518533 035 $a(Au-PeEL)EBL6518533 035 $a(OCoLC)1243536823 035 $a(EXLCZ)994100000011798315 100 $a20210901d2020 uy 0 101 0 $aeng 135 $aurcnu|||||||| 181 $ctxt$2rdacontent 182 $cc$2rdamedia 183 $acr$2rdacarrier 200 10$aSeeking Value $eBalancing Cost and Quality in Psychiatric Care 205 $a1st ed. 210 1$aWashington, D.C. :$cAmerican Psychiatric Association Publishing,$d2020. 210 4$d©2020. 215 $a1 online resource (646 pages) 311 $a0-87318-225-1 327 $aCover -- Half Title -- Title Page -- Copyright Page -- Contents -- Contributors -- Preface -- Introduction -- Part I: Where We Have Been -- 1 DEFINING AND MEASURING VALUE -- 2 EVOLUTION OF FUNDING AND QUALITY CONTROL IN HEALTH CARE -- 3 THE CURRENT SYSTEM: THE MESS WE ARE IN -- 4 SOCIAL DETERMINANTS OF HEALTH -- 5 SUCCESSFUL APPROACHES TO INCREASING VALUE -- Part II: Where We Want to Go: Systems Interventions -- 6 INNOVATIVE FINANCING: INCENTIVIZING VALUE -- 7 INTEGRATION OF SERVICES -- 8 PREVENTION AND HEALTH PROMOTION -- 9 PEER AND RECOVERY SUPPORT SERVICES -- 10 APPLICATIONS OF TECHNOLOGY -- Part III: Where We Want to Go: Professional Interventions -- 11 AN EXPANDED ROLE FOR PSYCHIATRY -- 12 PSYCHIATRIC WORKFORCE DEVELOPMENT -- 13 PHARMACEUTICAL MANAGEMENT AND PRESCRIBING -- 14 DIAGNOSTIC REFORM -- 15 ADVOCACY -- 16 PSYCHIATRIC LEADERSHIP -- Part IV: Special Value Opportunities -- 17 ADDICTION TREATMENT AND HARM REDUCTION -- 18 IMPACT OF CLIMATE CHANGE -- 19 INCARCERATION REFORM -- 20 HEALTH AND THE WORKPLACE -- 21 AGING AND END-OF-LIFE CARE -- Part V: Conclusions -- 22 A VALUE VISION FOR HEALTH CARE REFORM -- Index. 330 $aThis comprehensive volume examines the myriad factors that have led to the current state of health care in the United States -- starting with an analysis of the meaning and history of value measurement -- but it does not stop there. It offers a holistic vision for health care reform, one in which psychiatric professionals play a pivotal role. 606 $aMental Health Services$xeconomics 606 $aHealth Care Reform 606 $aQuality Assurance, Health Care 606 $aSocial Values 607 $aUnited States 615 12$aMental Health Services$xeconomics 615 22$aHealth Care Reform 615 22$aQuality Assurance, Health Care 615 22$aSocial Values 676 $a362.196890068 700 $aSowers$b Wesley E$01633390 701 $aRanz$b Jules M$01633391 701 $aPsychiatry$b Group for the Advancement of$01633392 712 02$aGroup for the Advancement of Psychiatry.$bCommittee on Mental Health Services, 712 02$aAmerican Psychiatric Association Publishing, 801 0$bMiAaPQ 801 1$bMiAaPQ 801 2$bMiAaPQ 906 $aBOOK 912 $a9910807790403321 996 $aSeeking Value$93973134 997 $aUNINA